<?xml version="1.0" encoding="UTF-8"?>
<record
    xmlns:xsi="http://www.w3.org/2001/XMLSchema-instance"
    xsi:schemaLocation="http://www.loc.gov/MARC21/slim http://www.loc.gov/standards/marcxml/schema/MARC21slim.xsd"
    xmlns="http://www.loc.gov/MARC21/slim">

  <leader>00809nam a22002415a 4500</leader>
  <controlfield tag="005">20151111103211.0</controlfield>
  <controlfield tag="008">150628t2014    ii a   fr     001 0 eng d</controlfield>
  <datafield tag="020" ind1=" " ind2=" ">
    <subfield code="a">9350909464 </subfield>
  </datafield>
  <datafield tag="020" ind1=" " ind2=" ">
    <subfield code="a">9789350909461</subfield>
  </datafield>
  <datafield tag="040" ind1=" " ind2=" ">
    <subfield code="a">EG-ScBUE</subfield>
    <subfield code="b">eng</subfield>
    <subfield code="d">EG-ScBUE</subfield>
  </datafield>
  <datafield tag="082" ind1="0" ind2="4">
    <subfield code="2">22</subfield>
    <subfield code="a">612.015</subfield>
    <subfield code="b">ANT</subfield>
  </datafield>
  <datafield tag="100" ind1="1" ind2=" ">
    <subfield code="a">Anthikad, Jacob.</subfield>
    <subfield code="9">38541</subfield>
  </datafield>
  <datafield tag="245" ind1="1" ind2="0">
    <subfield code="a">Nutrition and biochemistry for nurses /</subfield>
    <subfield code="c">Jacob Anthikad.</subfield>
  </datafield>
  <datafield tag="250" ind1=" " ind2=" ">
    <subfield code="a">2nd ed.</subfield>
  </datafield>
  <datafield tag="260" ind1=" " ind2=" ">
    <subfield code="a">New Delhi :</subfield>
    <subfield code="b">Jaypee Brothers Medical Publishers,</subfield>
    <subfield code="c">c.2014.</subfield>
  </datafield>
  <datafield tag="300" ind1=" " ind2=" ">
    <subfield code="a">xxxv, 502 p. :</subfield>
    <subfield code="b">ill. ;</subfield>
    <subfield code="c">22 cm.</subfield>
  </datafield>
  <datafield tag="500" ind1=" " ind2=" ">
    <subfield code="a">Index : p. 485-502.</subfield>
  </datafield>
  <datafield tag="650" ind1=" " ind2="7">
    <subfield code="2">BUEsh</subfield>
    <subfield code="a">Nursing</subfield>
    <subfield code="x">Study and teaching.</subfield>
    <subfield code="9">36329</subfield>
  </datafield>
  <datafield tag="650" ind1=" " ind2="7">
    <subfield code="a">Nutrition.</subfield>
    <subfield code="2">BUEsh</subfield>
    <subfield code="9">19370</subfield>
  </datafield>
  <datafield tag="650" ind1=" " ind2="7">
    <subfield code="a">Biochemistry.</subfield>
    <subfield code="2">BUEsh</subfield>
    <subfield code="9">18368</subfield>
  </datafield>
  <datafield tag="653" ind1=" " ind2=" ">
    <subfield code="b">NNUR</subfield>
    <subfield code="c">August2015</subfield>
    <subfield code="c">June2015</subfield>
    <subfield code="c">October2015</subfield>
    <subfield code="c">November2015</subfield>
  </datafield>
  <datafield tag="942" ind1=" " ind2=" ">
    <subfield code="2">ddc</subfield>
    <subfield code="k">612.015 ANT</subfield>
  </datafield>
  <datafield tag="999" ind1=" " ind2=" ">
    <subfield code="c">19971</subfield>
    <subfield code="d">19943</subfield>
  </datafield>
  <datafield tag="952" ind1=" " ind2=" ">
    <subfield code="0">0</subfield>
    <subfield code="1">0</subfield>
    <subfield code="2">ddc</subfield>
    <subfield code="4">0</subfield>
    <subfield code="7">0</subfield>
    <subfield code="8">Alahram</subfield>
    <subfield code="a">MAIN</subfield>
    <subfield code="b">MAIN</subfield>
    <subfield code="c">1ST</subfield>
    <subfield code="d">2015-06-28</subfield>
    <subfield code="e">Purchase</subfield>
    <subfield code="g">107.00</subfield>
    <subfield code="h">323</subfield>
    <subfield code="l">9</subfield>
    <subfield code="m">23</subfield>
    <subfield code="o">612.015 ANT</subfield>
    <subfield code="p">000039125</subfield>
    <subfield code="r">2025-07-15 00:00:00</subfield>
    <subfield code="s">2018-03-18</subfield>
    <subfield code="v">133.75</subfield>
    <subfield code="y">BB</subfield>
  </datafield>
  <datafield tag="952" ind1=" " ind2=" ">
    <subfield code="0">0</subfield>
    <subfield code="1">0</subfield>
    <subfield code="2">ddc</subfield>
    <subfield code="4">0</subfield>
    <subfield code="7">0</subfield>
    <subfield code="8">Baccah</subfield>
    <subfield code="a">MAIN</subfield>
    <subfield code="b">MAIN</subfield>
    <subfield code="c">1ST</subfield>
    <subfield code="d">2015-08-18</subfield>
    <subfield code="e">purchase</subfield>
    <subfield code="g">190.00</subfield>
    <subfield code="h">21764</subfield>
    <subfield code="l">5</subfield>
    <subfield code="m">85</subfield>
    <subfield code="o">612.015  ANT</subfield>
    <subfield code="p">000030691</subfield>
    <subfield code="r">2025-07-15 00:00:00</subfield>
    <subfield code="s">2018-03-17</subfield>
    <subfield code="v">238.00</subfield>
    <subfield code="y">BB</subfield>
  </datafield>
  <datafield tag="952" ind1=" " ind2=" ">
    <subfield code="0">0</subfield>
    <subfield code="1">0</subfield>
    <subfield code="2">ddc</subfield>
    <subfield code="4">0</subfield>
    <subfield code="7">0</subfield>
    <subfield code="8">Baccah</subfield>
    <subfield code="a">MAIN</subfield>
    <subfield code="b">MAIN</subfield>
    <subfield code="c">1ST</subfield>
    <subfield code="d">2015-08-18</subfield>
    <subfield code="e">purchase</subfield>
    <subfield code="g">190.00</subfield>
    <subfield code="h">21764</subfield>
    <subfield code="l">13</subfield>
    <subfield code="m">82</subfield>
    <subfield code="o">612.015 ANT</subfield>
    <subfield code="p">000030692</subfield>
    <subfield code="r">2026-04-15 00:00:00</subfield>
    <subfield code="s">2019-02-03</subfield>
    <subfield code="v">238.00</subfield>
    <subfield code="y">BB</subfield>
  </datafield>
</record>
